[Event "Cambados op 23rd"]
[Site "Cambados"]
[Date "2007.08.02"]
[Round "1"]
[White "Lopez Agustench, Eduard"]
[Black "Soto Pesqueira, Ernesto"]
[Result "1-0"]
[WhiteElo "2304"]
[BlackElo "1871"]
[PlyCount "65"]
[EventDate "2007.08.02"]
[EventType "swiss"]
[EventRounds "9"]
[EventCountry "ESP"]
[SourceTitle "CBM 119 Extra"]
[Source "ChessBase"]
[SourceDate "2007.09.04"]
[SourceVersion "1"]
[SourceVersionDate "2007.09.04"]
[SourceQuality "1"]

1. d4 d5 2. Nf3 Nf6 3. c4 e6 4. Nc3 Be7 5. Bf4 Nh5 6. Bg3 Nxg3 7. hxg3 c6 8. e3 Nd7 9. Qc2 h6 10. Rd1 b6 11. a3 Bb7 12. Bd3 dxc4 13. Bxc4 b5 14. Bb3 Qa5 15. 0-0 0-0 16. e4 Rfd8 17. e5 Rac8 18. Ba2 b4 19. axb4 Qxb4 20. Rfe1 Rb8 21. Rd2 Ba8 22. Re4 Qb7 23. g4 Nf8 24. g5 hxg5 25. Rg4 Nh7 26. Ne4 Qa6 27. Bb1 g6 28. Nfxg5 c5 29. Nxh7 Kxh7 30. Nxc5 Qc6 31. Rxg6 fxg6 32. Qxg6+ Kh8 33. Qh7# 1-0